[Event "2017 Australian Open Championship"]
[Site "Brisbane AUS"]
[Date "2017.01.02" ]
[Round "1.1"]
[White "Tsai, Charles"]
[Black "Adly, Ahmed"]
[Result "0-1"]
[BlackElo "2597"]
[WhiteElo "1908"]
[LiveChessVersion "1.4.8"]

1. Nf3 {[%clk 1:30:57]} d5 {[%clk 1:30:51]} 2. d4 {[%clk 1:31:14]} Nf6
{[%clk 1:31:00]} 3. c4 {[%clk 1:30:54]} e6 {[%clk 1:31:22]} 4. cxd5
{[%clk 1:31:14]} exd5 {[%clk 1:31:46]} 5. Qc2 {[%clk 1:31:29]} Na6
{[%clk 1:31:02]} 6. a3 {[%clk 1:30:21]} c6 {[%clk 1:30:33]} 7. Bg5
{[%clk 1:29:13]} Qa5+ {[%clk 1:29:02]} 8. Bd2 {[%clk 1:24:33]} Qb6
{[%clk 1:29:25]} 9. Nc3 {[%clk 1:23:55]} Bd6 {[%clk 1:29:04]} 10. Bg5
{[%clk 1:20:53]} Be7 {[%clk 1:23:00]} 11. e3 {[%clk 1:20:53]} Bf5
{[%clk 1:23:00]} 12. Qd2 {[%clk 1:20:53]} Nb8 {[%clk 1:23:00]} 13. h3
{[%clk 1:20:53]} Nbd7 {[%clk 1:23:00]} 14. Bf4 {[%clk 1:20:53]} Ne4
{[%clk 1:23:00]} 15. Nxe4 {[%clk 1:20:53]} Bxe4 {[%clk 1:23:00]} 16. Be2
{[%clk 1:20:53]} Bf5 {[%clk 1:23:00]} 17. O-O {[%clk 1:20:53]} Nf6
{[%clk 1:23:00]} 18. Ne5 {[%clk 1:20:53]} O-O {[%clk 1:23:00]} 19. f3
{[%clk 1:20:53]} Nd7 {[%clk 1:23:00]} 20. Nxd7 {[%clk 1:20:53]} Bxd7
{[%clk 1:23:00]} 21. Bd3 {[%clk 1:20:53]} Rfe8 {[%clk 1:23:00]} 22. Rfe1
{[%clk 1:20:53]} c5 {[%clk 1:23:00]} 23. dxc5 {[%clk 1:20:53]} Bxc5
{[%clk 1:23:00]} 24. b4 {[%clk 0:36:06]} Be7 {[%clk 0:30:36]} 25. Rac1
{[%clk 0:30:20]} Bh4 26. Re2 {[%clk 0:29:53]} Rac8 {[%clk 0:30:10]} 27. Kh1
{[%clk 0:26:09]} g6 {[%clk 0:24:58]} 28. Rxc8 {[%clk 0:09:56]} Rxc8
{[%clk 0:25:11]} 29. Qb2 {[%clk 0:09:17]} Ba4 {[%clk 0:24:13]} 30. Bc2
{[%clk 0:07:03]} Bb5 {[%clk 0:20:48]} 31. Rd2 {[%clk 0:06:55]} Bf6
{[%clk 0:19:47]} 32. Qb1 {[%clk 0:05:42]} Bc4 {[%clk 0:17:45]} 33. Bd3
{[%clk 0:02:44]} Qe6 {[%clk 0:17:02]} 34. Re2 {[%clk 0:00:44]} Qa6
{[%clk 0:16:13]} 35. Bxc4 {[%clk 0:00:48]} dxc4 {[%clk 0:16:40]} 36. Qe4
{[%clk 0:00:50]} c3 {[%clk 0:12:07]} 37. Rc2 {[%clk 0:00:48]} Qb5
{[%clk 0:12:35]} 38. Bd6 {[%clk 0:00:43]} Re8 {[%clk 0:11:17]} 39. Qf4
{[%clk 0:00:50]} Re6 {[%clk 0:11:41]} 40. Bc5 {[%clk 0:30:36]} Qf1+
{[%clk 0:41:52]} 0-1

[Event "2017 Australian Open Championship"]
[Site "Brisbane AUS"]
[Date "2017.01.02" ]
[Round "1.2"]
[White "Demuth, Adrien"]
[Black "Hathiramani, Dillon"]
[Result "1-0"]
[BlackElo "1903"]
[WhiteElo "2521"]
[LiveChessVersion "1.4.8"]

1. Nf3 Nf6 {[%clk 1:30:52]} 2. c4 {[%clk 1:31:20]} g6 {[%clk 1:31:14]} 3. Nc3
{[%clk 1:31:45]} Bg7 {[%clk 1:31:33]} 4. e4 {[%clk 1:32:07]} d6 {[%clk 1:31:52]}
5. d4 {[%clk 1:32:31]} O-O {[%clk 1:32:10]} 6. h3 {[%clk 1:32:57]} e5
{[%clk 1:32:02]} 7. d5 {[%clk 1:33:22]} Na6 {[%clk 1:30:02]} 8. Be3
{[%clk 1:33:38]} Nc5 {[%clk 1:28:27]} 9. Nd2 {[%clk 1:34:00]} a5 {[%clk 1:28:49]}
10. g4 {[%clk 1:34:25]} Ne8 {[%clk 1:22:16]} 11. h4 {[%clk 1:34:04]} f5
{[%clk 1:19:33]} 12. g5 {[%clk 1:33:20]} f4 {[%clk 1:18:03]} 13. Bxc5
{[%clk 1:33:43]} dxc5 {[%clk 1:18:29]} 14. Qf3 {[%clk 1:33:53]} Nd6
{[%clk 1:16:28]} 15. O-O-O {[%clk 1:33:37]} Bd7 {[%clk 1:12:21]} 16. h5
{[%clk 1:20:48]} Re8 {[%clk 1:06:37]} 17. Bh3 {[%clk 1:19:44]} Qc8
{[%clk 0:54:51]} 18. Nb5 {[%clk 1:02:33]} Bxh3 19. Rxh3 {[%clk 0:50:48]} Qd7
{[%clk 0:41:08]} 20. a4 {[%clk 0:45:21]} Nf7 {[%clk 0:30:32]} 21. Rg1
{[%clk 0:44:35]} Rad8 {[%clk 0:26:29]} 22. Rhh1 {[%clk 0:35:59]} Nd6
{[%clk 0:24:54]} 23. Nxd6 {[%clk 0:31:02]} Qxd6 {[%clk 0:23:45]} 24. Nb1
{[%clk 0:31:00]} Qd7 {[%clk 0:14:59]} 25. Nc3 {[%clk 0:29:24]} b6
{[%clk 0:15:27]} 26. Rh2 {[%clk 0:27:41]} Qc8 {[%clk 0:10:22]} 27. Nb5
{[%clk 0:26:16]} Qd7 {[%clk 0:10:42]} 28. Rd1 {[%clk 0:26:13]} Bf8
{[%clk 0:09:57]} 29. Qh1 {[%clk 0:21:44]} Bg7 {[%clk 0:08:47]} 30. Qf3
{[%clk 0:18:56]} Bf8 {[%clk 0:08:05]} 31. Rd3 {[%clk 0:19:22]} Qe7
{[%clk 0:04:05]} 32. Qg4 {[%clk 0:14:15]} Bg7 {[%clk 0:03:40]} 33. Rh1
{[%clk 0:07:51]} Qd7 {[%clk 0:03:24]} 34. Qf3 {[%clk 0:07:06]} Bf8
{[%clk 0:03:27]} 35. hxg6 {[%clk 0:06:56]} hxg6 {[%clk 0:03:54]} 36. Qh3
{[%clk 0:07:19]} Qxh3 {[%clk 0:04:01]} 37. Rdxh3 Rd7 {[%clk 0:04:15]} 38. Rh8+
{[%clk 0:08:09]} Kf7 {[%clk 0:04:35]} 39. R1h7+ {[%clk 0:08:35]} Bg7
{[%clk 0:04:57]} 40. Rxg7+ {[%clk 0:39:01]} 1-0

[Event "2017 Australian Open Championship"]
[Site "Brisbane AUS"]
[Date "2017.01.02" ]
[Round "1.3"]
[White "Louie, Jared"]
[Black "Smirnov, Anton"]
[Result "0-1"]
[BlackElo "2519"]
[WhiteElo "1895"]
[LiveChessVersion "1.4.8"]

1. d4 {[%clk 1:30:45]} d5 {[%clk 1:30:35]} 2. Nf3 {[%clk 1:30:55]} Nf6
{[%clk 1:30:57]} 3. g3 {[%clk 1:29:24]} c6 {[%clk 1:28:47]} 4. Bg2
{[%clk 1:29:28]} g6 {[%clk 1:29:07]} 5. O-O {[%clk 1:28:00]} Bg7 {[%clk 1:27:46]}
6. c4 {[%clk 1:19:01]} dxc4 7. a4 {[%clk 1:18:58]} Ne4 {[%clk 1:26:24]} 8. Na3
{[%clk 0:50:43]} c3 {[%clk 1:14:11]} 9. bxc3 {[%clk 0:35:23]} Nxc3
{[%clk 1:13:28]} 10. Qc2 {[%clk 0:35:47]} Nd5 {[%clk 1:13:41]} 11. e4
{[%clk 0:35:58]} Nb4 {[%clk 1:10:03]} 12. Qc4 {[%clk 0:33:58]} a5
{[%clk 1:09:13]} 13. Bb2 {[%clk 0:27:26]} O-O {[%clk 1:07:22]} 14. Qe2
{[%clk 0:21:28]} Nd7 {[%clk 1:05:50]} 15. Rfd1 {[%clk 0:19:35]} b6
{[%clk 1:01:35]} 16. Nd2 {[%clk 0:16:04]} Ba6 {[%clk 0:55:16]} 17. Qf3
{[%clk 0:12:20]} e6 {[%clk 0:46:57]} 18. Ndc4 {[%clk 0:08:36]} Qe7
{[%clk 0:45:24]} 19. Rac1 {[%clk 0:07:14]} Rad8 {[%clk 0:45:19]} 20. d5
{[%clk 0:03:49]} Bxb2 {[%clk 0:44:00]} 21. Nxb2 {[%clk 0:00:38]} cxd5
{[%clk 0:44:12]} 0-1

[Event "2017 Australian Open Championship"]
[Site "Brisbane AUS"]
[Date "2017.01.02" ]
[Round "1.4"]
[White "Ly, Moulthun"]
[Black "Lam, Ross"]
[Result "1-0"]
[BlackElo "1883"]
[WhiteElo "2508"]
[LiveChessVersion "1.4.8"]

1. Nf3 {[%clk 1:29:20]} Nf6 {[%clk 1:30:36]} 2. d4 {[%clk 1:28:47]} d5
{[%clk 1:30:53]} 3. c4 {[%clk 1:29:05]} c6 {[%clk 1:30:49]} 4. Nc3
{[%clk 1:27:38]} a6 {[%clk 1:30:48]} 5. a4 {[%clk 1:23:02]} g6 {[%clk 1:29:20]}
6. Bf4 {[%clk 1:18:20]} Bg7 {[%clk 1:29:13]} 7. e3 {[%clk 1:18:22]} Be6
{[%clk 1:28:26]} 8. Be2 {[%clk 1:10:32]} O-O {[%clk 1:23:07]} 9. O-O
{[%clk 1:10:13]} a5 {[%clk 1:13:01]} 10. Qb3 {[%clk 1:09:14]} Ra7
{[%clk 1:11:45]} 11. Ng5 {[%clk 1:06:07]} Bf5 {[%clk 1:03:38]} 12. cxd5
{[%clk 1:05:01]} Nxd5 {[%clk 1:03:11]} 13. Nxd5 {[%clk 0:58:42]} cxd5
{[%clk 1:02:37]} 14. Bxb8 {[%clk 0:58:10]} Qxb8 {[%clk 1:02:55]} 15. Qxd5
{[%clk 0:57:54]} e5 {[%clk 1:01:05]} 16. e4 {[%clk 0:43:35]} Bc8 {[%clk 1:00:20]}
17. Nxf7 {[%clk 0:38:40]} Rxf7 {[%clk 0:59:32]} 18. Bc4 {[%clk 0:38:59]} Qc7
{[%clk 0:46:42]} 19. Rac1 {[%clk 0:38:45]} Ra8 {[%clk 0:46:14]} 20. Qxf7+
{[%clk 0:34:52]} Qxf7 {[%clk 0:45:03]} 21. Bxf7+ {[%clk 0:35:16]} Kxf7
{[%clk 0:45:23]} 22. Rc7+ {[%clk 0:35:40]} Kf8 {[%clk 0:42:50]} 23. Rfc1
{[%clk 0:31:38]} Be6 {[%clk 0:41:33]} 24. d5 {[%clk 0:31:59]} Bg8
{[%clk 0:41:36]} 25. Rc8+ {[%clk 0:32:13]} Rxc8 {[%clk 0:41:44]} 26. Rxc8+
{[%clk 0:32:36]} 1-0

[Event "2017 Australian Open Championship"]
[Site "Brisbane AUS"]
[Date "2017.01.02" ]
[Round "1.5"]
[White "Walker, Tyson"]
[Black "Illingworth, Max"]
[Result "0-1"]
[BlackElo "2481"]
[WhiteElo "1880"]
[LiveChessVersion "1.4.8"]

1. d4 {[%clk 1:30:56]} f5 {[%clk 1:30:09]} 2. c4 {[%clk 1:30:20]} Nf6
{[%clk 1:30:32]} 3. Nf3 {[%clk 1:30:11]} e6 {[%clk 1:29:33]} 4. g3
{[%clk 1:28:35]} d5 {[%clk 1:29:29]} 5. Bg2 {[%clk 1:27:51]} Bd6 {[%clk 1:29:51]}
6. O-O {[%clk 1:27:41]} O-O {[%clk 1:30:12]} 7. Nc3 {[%clk 1:26:19]} c6
{[%clk 1:30:23]} 8. Qc2 {[%clk 1:25:48]} Ne4 {[%clk 1:28:32]} 9. Rb1
{[%clk 1:23:24]} Nd7 {[%clk 1:25:56]} 10. b4 {[%clk 1:21:05]} b5 {[%clk 1:23:17]}
11. cxb5 {[%clk 1:18:34]} Nxc3 {[%clk 1:23:16]} 12. Qxc3 {[%clk 1:16:10]} cxb5
{[%clk 1:23:39]} 13. Bf4 {[%clk 1:12:15]} Bxf4 {[%clk 1:20:42]} 14. gxf4
{[%clk 1:12:34]} Nb6 {[%clk 1:18:41]} 15. Rfc1 {[%clk 1:06:53]} Nc4
{[%clk 1:17:26]} 16. e3 {[%clk 1:04:56]} a5 {[%clk 1:10:13]} 17. a3
{[%clk 1:00:16]} Bd7 {[%clk 0:58:01]} 18. Bf1 {[%clk 0:46:53]} Qc7
{[%clk 0:45:47]} 19. Ne5 {[%clk 0:36:19]} Ra7 {[%clk 0:38:01]} 20. bxa5
{[%clk 0:29:27]} Rc8 {[%clk 0:28:27]} 21. Nxd7 {[%clk 0:22:19]} Qxd7
{[%clk 0:28:46]} 22. Qb4 {[%clk 0:22:29]} Rc6 {[%clk 0:27:40]} 23. Qxb5
{[%clk 0:20:25]} Rxa5 {[%clk 0:28:03]} 24. Qb8+ {[%clk 0:18:18]} Rc8
{[%clk 0:28:14]} 25. Qb4 {[%clk 0:18:22]} Ra4 {[%clk 0:27:16]} 26. Qb5
{[%clk 0:14:13]} Qxb5 {[%clk 0:26:25]} 27. Rxb5 {[%clk 0:14:35]} Rxa3
{[%clk 0:26:27]} 28. Rb4 {[%clk 0:14:42]} Ra7 {[%clk 0:24:55]} 29. Bxc4
{[%clk 0:13:48]} Rac7 {[%clk 0:24:48]} 30. Kf1 {[%clk 0:12:17]} dxc4
{[%clk 0:24:29]} 31. Rc3 {[%clk 0:12:35]} Kf7 {[%clk 0:24:47]} 32. Ke2
{[%clk 0:12:51]} h6 {[%clk 0:25:06]} 33. Kd2 {[%clk 0:13:01]} g5 {[%clk 0:25:23]}
34. fxg5 {[%clk 0:12:36]} hxg5 {[%clk 0:25:47]} 35. Rc2 {[%clk 0:12:54]} g4
{[%clk 0:22:54]} 36. Kc3 {[%clk 0:12:57]} Rc6 {[%clk 0:20:48]} 37. f3
{[%clk 0:09:17]} gxf3 {[%clk 0:21:10]} 38. Rf2 {[%clk 0:09:41]} Ra6
{[%clk 0:17:58]} 39. Rxf3 {[%clk 0:08:35]} Ra1 {[%clk 0:18:21]} 40. Rg3
{[%clk 0:35:55]} Rc7 {[%clk 0:47:13]} 41. Rh3 {[%clk 0:35:33]} Kf6
{[%clk 0:41:55]} 42. Rh6+ {[%clk 0:35:15]} Kg5 {[%clk 0:40:36]} 43. Rxe6
{[%clk 0:34:47]} Ra3+ {[%clk 0:40:56]} 44. Kc2 {[%clk 0:28:55]} c3
{[%clk 0:39:03]} 45. Rb1 {[%clk 0:14:01]} Ra2+ {[%clk 0:38:53]} 46. Kb3
{[%clk 0:14:25]} Rxh2 {[%clk 0:38:07]} 47. Rb6 {[%clk 0:14:43]} Re2
{[%clk 0:33:28]} 48. Ka4 {[%clk 0:03:05]} Rxe3 {[%clk 0:33:12]} 49. Rc1
{[%clk 0:03:02]} Rd3 {[%clk 0:30:02]} 50. Kb3 {[%clk 0:01:09]} c2+
{[%clk 0:30:08]} 51. Kb2 {[%clk 0:01:26]} Rxd4 {[%clk 0:30:27]} 52. Rb3
{[%clk 0:01:05]} Rdc4 {[%clk 0:29:35]} 53. Rg1+ {[%clk 0:01:13]} Rg4
{[%clk 0:28:09]} 54. Rc1 {[%clk 0:00:44]} Rg2 {[%clk 0:28:14]} 55. Rb8
{[%clk 0:00:48]} Kg4 {[%clk 0:28:11]} 56. Rg8+ {[%clk 0:00:38]} Kf3
{[%clk 0:28:29]} 0-1

[Event "2017 Australian Open Championship"]
[Site "Brisbane AUS"]
[Date "2017.01.02" ]
[Round "1.7"]
[White "Selnes, Hamish"]
[Black "Kasparov, Sergey"]
[Result "0-1"]
[BlackElo "2470"]
[WhiteElo "1868"]
[LiveChessVersion "1.4.8"]

1. g3 {[%clk 1:30:58]} d5 {[%clk 1:30:41]} 2. Bg2 {[%clk 1:31:21]} Nf6
{[%clk 1:30:53]} 3. d3 {[%clk 1:31:36]} c5 {[%clk 1:30:29]} 4. Nf3
{[%clk 1:31:45]} Nc6 {[%clk 1:30:50]} 5. O-O {[%clk 1:32:03]} e6 {[%clk 1:31:09]}
6. Nbd2 {[%clk 1:32:01]} b6 {[%clk 1:31:18]} 7. c4 {[%clk 1:31:25]} Bb7
{[%clk 1:31:18]} 8. e3 {[%clk 1:24:28]} Be7 {[%clk 1:30:48]} 9. b3
{[%clk 1:22:51]} O-O {[%clk 1:27:22]} 10. Bb2 {[%clk 1:21:50]} Rc8
{[%clk 1:26:44]} 11. Qe2 {[%clk 1:15:46]} Qc7 {[%clk 1:22:15]} 12. Rac1
{[%clk 1:11:37]} Qb8 {[%clk 1:21:54]} 13. Rfd1 {[%clk 1:09:44]} Rfd8
{[%clk 1:20:53]} 14. d4 {[%clk 1:02:18]} cxd4 {[%clk 1:18:53]} 15. Nxd4
{[%clk 0:55:22]} Nxd4 {[%clk 1:18:17]} 16. Bxd4 {[%clk 0:54:49]} Qa8
{[%clk 1:10:08]} 17. Rc2 {[%clk 0:41:12]} dxc4 {[%clk 1:07:15]} 18. Bxb7
{[%clk 0:40:16]} Qxb7 {[%clk 1:07:09]} 19. Rxc4 {[%clk 0:38:29]} Rxc4
{[%clk 1:06:09]} 20. Nxc4 {[%clk 0:37:20]} h6 {[%clk 1:00:11]} 21. Bb2
{[%clk 0:33:30]} Rxd1+ {[%clk 0:57:54]} 22. Qxd1 {[%clk 0:33:55]} b5
{[%clk 0:57:47]} 23. Ne5 {[%clk 0:32:53]} a6 {[%clk 0:56:11]} 24. Qf3
{[%clk 0:31:36]} Qxf3 {[%clk 0:55:37]} 25. Nxf3 {[%clk 0:32:00]} Ne4
{[%clk 0:55:58]} 26. Kf1 {[%clk 0:29:46]} h5 {[%clk 0:54:40]} 27. Ke2
{[%clk 0:29:06]} g5 {[%clk 0:53:26]} 28. h3 {[%clk 0:25:53]} g4 {[%clk 0:52:08]}
29. hxg4 {[%clk 0:25:58]} hxg4 {[%clk 0:52:37]} 30. Ne5 {[%clk 0:19:43]} f5
{[%clk 0:52:37]} 31. Nc6 {[%clk 0:17:47]} Kf7 {[%clk 0:49:28]} 32. Nb8
{[%clk 0:16:07]} Bd6 {[%clk 0:45:58]} 33. Nc6 {[%clk 0:14:15]} Ke8
{[%clk 0:45:33]} 34. Nd4 {[%clk 0:13:21]} Be5 {[%clk 0:44:33]} 35. a4
{[%clk 0:09:50]} bxa4 {[%clk 0:42:55]} 36. bxa4 {[%clk 0:10:15]} Kd7
{[%clk 0:43:06]} 37. a5 {[%clk 0:08:28]} Kd6 {[%clk 0:40:03]} 38. Ba3+
{[%clk 0:08:04]} Kd5 {[%clk 0:40:20]} 39. Nc2 {[%clk 0:05:26]} Kc4
{[%clk 0:37:46]} 40. Be7 {[%clk 0:34:11]} Bc3 {[%clk 1:06:57]} 41. Bd8
{[%clk 0:33:58]} Nc5 {[%clk 1:01:47]} 42. f3 {[%clk 0:31:59]} gxf3+
{[%clk 0:59:09]} 43. Kxf3 {[%clk 0:32:18]} Kd3 {[%clk 0:59:35]} 44. Bb6
{[%clk 0:26:54]} Nb3 {[%clk 0:57:55]} 0-1

[Event "2017 Australian Open Championship"]
[Site "Brisbane AUS"]
[Date "2017.01.02" ]
[Round "1.8"]
[White "Izzat, Kanan"]
[Black "Weller, Tony"]
[Result "1-0"]
[BlackElo "1864"]
[WhiteElo "2454"]
[LiveChessVersion "1.4.8"]

1. d4 {[%clk 1:30:55]} Nf6 {[%clk 1:30:52]} 2. c4 {[%clk 1:31:19]} c5
{[%clk 1:30:58]} 3. d5 {[%clk 1:31:41]} b5 {[%clk 1:31:12]} 4. cxb5
{[%clk 1:32:03]} a6 {[%clk 1:31:29]} 5. bxa6 {[%clk 1:32:22]} Bxa6
{[%clk 1:31:46]} 6. Nc3 {[%clk 1:32:32]} d6 {[%clk 1:31:52]} 7. Nf3
{[%clk 1:32:41]} g6 {[%clk 1:31:59]} 8. e4 {[%clk 1:32:46]} Bxf1 {[%clk 1:32:15]}
9. Kxf1 {[%clk 1:33:10]} Nbd7 {[%clk 1:31:57]} 10. g3 {[%clk 1:33:25]} Bg7
{[%clk 1:32:08]} 11. Kg2 {[%clk 1:33:48]} O-O {[%clk 1:32:11]} 12. a4
{[%clk 1:33:43]} Qb6 {[%clk 1:30:56]} 13. Ra3 {[%clk 1:31:55]} Rfb8
{[%clk 1:30:27]} 14. Qc2 {[%clk 1:32:04]} Ng4 {[%clk 1:29:48]} 15. Nb5
{[%clk 1:29:58]} Nge5 {[%clk 1:26:57]} 16. Nd2 {[%clk 1:27:40]} Qd8
{[%clk 1:22:27]} 17. b3 {[%clk 1:17:46]} Nb6 {[%clk 1:18:53]} 18. Nc4
{[%clk 1:15:10]} Nexc4 {[%clk 1:16:24]} 19. bxc4 {[%clk 1:15:25]} Ra6
{[%clk 1:15:04]} 20. Bd2 {[%clk 1:14:54]} Rba8 21. a5 {[%clk 1:09:42]} Nd7
{[%clk 1:07:25]} 22. Rb1 {[%clk 1:08:07]} e6 {[%clk 1:07:25]} 23. Rab3
{[%clk 1:06:40]} exd5 {[%clk 1:05:34]} 24. exd5 Nf6 {[%clk 1:03:39]} 25. Na3
{[%clk 1:05:26]} Qe8 {[%clk 1:01:05]} 26. Re1 {[%clk 1:02:11]} Qd7
{[%clk 1:00:39]} 27. Rb5 {[%clk 0:55:45]} h5 {[%clk 0:59:35]} 28. h3
{[%clk 0:50:15]} Re8 {[%clk 0:58:23]} 29. Rbb1 {[%clk 0:42:45]} Raa8
{[%clk 0:57:25]} 30. Rxe8+ {[%clk 0:40:51]} Rxe8 {[%clk 0:57:33]} 31. a6
{[%clk 0:38:59]} h4 {[%clk 0:56:04]} 32. Rb7 {[%clk 0:38:25]} Qc8
{[%clk 0:54:59]} 33. Nb5 {[%clk 0:35:49]} Ne4 {[%clk 0:53:53]} 34. g4
{[%clk 0:35:04]} f5 {[%clk 0:50:49]} 35. g5 {[%clk 0:34:06]} Be5 {[%clk 0:47:43]}
36. Nc7 {[%clk 0:30:54]} Re7 {[%clk 0:43:11]} 37. a7 {[%clk 0:29:01]} Qxb7
{[%clk 0:40:33]} 38. a8=Q+ {[%clk 0:29:25]} Qxa8 {[%clk 0:40:51]} 39. Nxa8
{[%clk 0:29:51]} Ra7 {[%clk 0:41:06]} 40. Nb6 {[%clk 1:00:02]} Rb7
{[%clk 1:09:11]} 41. Ba5 {[%clk 0:58:53]} 1-0

[Event "2017 Australian Open Championship"]
[Site "Brisbane AUS"]
[Date "2017.01.02" ]
[Round "1.9"]
[White "Winkelman, Albert"]
[Black "Porper, Edward"]
[Result "0-1"]
[WhiteElo "1860"]
[BlackElo "2411"]
[PlyCount "44"]

1. e4 e5 2. Nf3 d6 3. d4 exd4 4. Nxd4 Nf6 5. Nc3 Be7 6. Be2 O-O 7. O-O Re8 8.
Be3 Bf8 9. Bf3 c6 10. Qd2 Nbd7 11. Bg5 h6 12. Bh4 Ne5 13. Be2 Nxe4 14. Qf4 Ng6
15. Qxe4 Rxe4 16. Bxd8 Rxd4 17. Rad1 Rxd1 18. Rxd1 Bf5 19. Bc7 d5 20. Rd2 Re8
21. Kf1 Be7 22. Bd3 Bg5 0-1

[Event "2017 Australian Open Championship"]
[Site "Brisbane AUS"]
[Date "2017.01.02" ]
[Round "1.10"]
[White "Ikeda, Junta"]
[Black "Tanti, Joseph"]
[Result "1-0"]
[WhiteElo "2388"]
[BlackElo "1853"]
[PlyCount "73"]

1. Nf3 d5 2. c4 d4 3. e3 dxe3 4. fxe3 e5 5. Nxe5 Qh4+ 6. g3 Qe4 7. Nf3 Bg4 8.
Be2 Nc6 9. Nc3 Qg6 10. d4 Bb4 11. Nh4 Bxe2 12. Qxe2 Qe4 13. O-O Bxc3 14. bxc3
Nh6 15. Ba3 O-O-O 16. Rf4 Qe8 17. Nf5 Nxf5 18. Rxf5 h5 19. Qf3 h4 20. Rxf7 hxg3
21. hxg3 Qe6 22. Qf5 Qxf5 23. Rxf5 Rh3 24. Kg2 Rdh8 25. Rf8+ Kd7 26. Rxh8 Rxh8
27. Rf1 Na5 28. Rf7+ Kc8 29. c5 Nc4 30. Bc1 Rg8 31. e4 b6 32. Bf4 bxc5 33.
Rxc7+ Kd8 34. Rxa7 Re8 35. dxc5 Rxe4 36. c6 Nb6 37. Bc7+ 1-0

[Event "2017 Australian Open Championship"]
[Site "Brisbane AUS"]
[Date "2017.01.02" ]
[Round "1.11"]
[White "Lovejoy, David"]
[Black "Solomon, Stephen"]
[Result "0-1"]
[WhiteElo "1847"]
[BlackElo "2380"]
[PlyCount "54"]

1. e4 e5 2. Nf3 Nf6 3. Nxe5 d6 4. Nf3 Nxe4 5. d3 Nf6 6. Nc3 d5 7. Bg5 d4 8. Ne4
Be7 9. Ned2 O-O 10. Be2 h6 11. Bh4 c5 12. O-O Nc6 13. Re1 b6 14. Nc4 Bb7 15.
Nfe5 Nxe5 16. Nxe5 Nd5 17. Bg3 f5 18. f4 Ne3 19. Qd2 Nxg2 20. Rf1 Ne3 21. Rf2
Bd6 22. Bf3 Bxf3 23. Nxf3 Qc7 24. Ne5 Rae8 25. Re1 g5 26. Nf3 gxf4 27. Bh4 Kh7
0-1

[Event "2017 Australian Open Championship"]
[Site "Brisbane AUS"]
[Date "2017.01.02" ]
[Round "1.12"]
[White "McClymont, Brodie"]
[Black "Ostapenko, Michael"]
[Result "1-0"]
[WhiteElo "2348"]
[BlackElo "1832"]
[PlyCount "55"]

1. e4 e6 2. d4 d5 3. Nc3 Nf6 4. Bg5 Be7 5. e5 Nfd7 6. h4 a6 7. Qg4 f5 8. Qg3 c5
9. dxc5 Nc6 10. O-O-O Nxc5 11. Nh3 Qc7 12. Bxe7 Qxe7 13. h5 d4 14. Ne2 Ne4 15.
Qf4 Qc5 16. Kb1 d3 17. cxd3 Nb4 18. Qc1 Qxe5 19. a3 a5 20. axb4 axb4 21. Qc4
Bd7 22. dxe4 Bc6 23. Nd4 Bxe4+ 24. Bd3 Bxg2 25. Rhe1 Be4 26. Bxe4 fxe4 27.
Qxe6+ Qxe6 28. Nxe6 1-0

[Event "2017 Australian Open Championship"]
[Site "Brisbane AUS"]
[Date "2017.01.02" ]
[Round "1.13"]
[White "Kebbedies, Frank"]
[Black "Puccini, Jack"]
[Result "0-1"]
[WhiteElo "1828"]
[BlackElo "2322"]
[PlyCount "80"]

1. d4 Nf6 2. c4 g6 3. Nf3 Bg7 4. g3 O-O 5. Bg2 d6 6. Nc3 Nc6 7. O-O a6 8. e4
Bg4 9. h3 Bxf3 10. Bxf3 e5 11. d5 Nd4 12. Bg2 c5 13. dxc6 bxc6 14. Be3 Nd7 15.
Ne2 Qb6 16. Qd2 Rfb8 17. b3 Nf8 18. Rad1 Nfe6 19. f4 Qb4 20. f5 Qxd2 21. Rxd2
Nxe2+ 22. Rxe2 Nd4 23. Bxd4 exd4 24. e5 Bxe5 25. Bxc6 Ra7 26. Rf3 f6 27. g4 Kg7
28. Kf1 Rb6 29. Bd5 a5 30. Rc2 Rc7 31. Kg2 Rc5 32. fxg6 hxg6 33. Re2 a4 34.
bxa4 Rb4 35. Ra3 Ra5 36. Rc2 Rbxa4 37. Rxa4 Rxa4 38. c5 d3 39. Rd2 Rd4 40. Bb3
dxc5 0-1

[Event "2017 Australian Open Championship"]
[Site "Brisbane AUS"]
[Date "2017.01.02" ]
[Round "1.14"]
[White "Borsos, Bogdan"]
[Black "Mather, Andrew"]
[Result "1-0"]
[WhiteElo "2304"]
[BlackElo "1822"]
[PlyCount "119"]

1. e4 Nf6 2. e5 Nd5 3. d4 d6 4. c4 Nb6 5. exd6 exd6 6. Bd3 Nc6 7. Ne2 Nb4 8.
Nbc3 Nxd3+ 9. Qxd3 Be7 10. O-O O-O 11. a4 Re8 12. Re1 Bf8 13. b3 g6 14. Bb2 Bg7
15. a5 Nd7 16. Qd2 Nf6 17. Ng3 Rxe1+ 18. Rxe1 b6 19. d5 Bd7 20. Nce4 Nxe4 21.
Nxe4 Bxb2 22. Qxb2 f5 23. Nf6+ Kf7 24. Nxd7 Qxd7 25. Re6 Re8 26. Qf6+ Kg8 27.
axb6 axb6 28. h4 Qf7 29. Rxe8+ Qxe8 30. g3 Qe1+ 31. Kg2 Qe4+ 32. Kh2 Qe8 33. h5
Qf8 34. Qe6+ Qf7 35. Qc8+ Kg7 36. hxg6 hxg6 37. Qd8 Kh7 38. Kh3 Kg7 39. Kh4
Qf6+ 40. Qxf6+ Kxf6 41. f4 Kf7 42. Kg5 Kg7 43. b4 Kf7 44. Kh6 Kf6 45. b5 Kf7
46. Kh7 Kf6 47. Kg8 g5 48. Kf8 gxf4 49. gxf4 Kg6 50. Ke7 Kh5 51. Kd7 Kg4 52.
Kxc7 Kxf4 53. c5 bxc5 54. b6 Ke3 55. b7 f4 56. b8=Q f3 57. Qb3+ Ke2 58. Kxd6 f2
59. Qc4+ Ke1 60. Kxc5 1-0

[Event "2017 Australian Open Championship"]
[Site "Brisbane AUS"]
[Date "2017.01.02" ]
[Round "1.16"]
[White "Loh, Zachary"]
[Black "Holt, Stuart"]
[Result "1-0"]
[WhiteElo "2291"]
[BlackElo "1813"]
[PlyCount "61"]

1. e4 c5 2. d4 cxd4 3. c3 Nf6 4. e5 Nd5 5. Nf3 e6 6. cxd4 d6 7. Bc4 Be7 8. O-O
O-O 9. Qe2 Nc6 10. Re1 Qc7 11. Qe4 Ndb4 12. exd6 Bxd6 13. Nc3 a6 14. a3 Ne7 15.
Bb3 Nbc6 16. Bg5 Ng6 17. h4 h5 18. d5 Na5 19. Ba2 e5 20. Rac1 b6 21. b4 Nb7 22.
Na4 f5 23. Qe2 Qf7 24. Nxb6 Rb8 25. Nxc8 Rfxc8 26. Qxa6 Ra8 27. Rxc8+ Rxc8 28.
Rc1 Rxc1+ 29. Bxc1 Qe7 30. Qa8+ Nd8 31. Bg5 1-0

[Event "2017 Australian Open Championship"]
[Site "Brisbane AUS"]
[Date "2017.01.02" ]
[White "Glissan, Paul"]
[Black "Boyd, Tristan"]
[Result "0-1"]
[WhiteElo "1787"]
[BlackElo "2287"]
[PlyCount "62"]

1. e4 c5 2. Nc3 Nc6 3. g3 g6 4. Bg2 Bg7 5. d3 d6 6. Be3 e5 7. Qd2 Nge7 8. Bh6
Bxh6 9. Qxh6 Nd4 10. O-O-O Be6 11. Kb1 Qd7 12. Nd5 O-O-O 13. c3 Bxd5 14. exd5
Nb5 15. Ne2 Kb8 16. Bh3 f5 17. c4 Nd4 18. Nxd4 cxd4 19. Qd2 Rhe8 20. f4 Nc8 21.
Rhe1 Nb6 22. Qb4 Qa4 23. Qxa4 Nxa4 24. Bg2 Re7 25. Re2 Kc7 26. Rde1 Rde8 27.
Kc2 b6 28. Bf3 e4 29. dxe4 Nc5 30. Kd2 fxe4 31. Bg2 e3+ 0-1

[Event "2017 Australian Open Championship"]
[Site "Brisbane AUS"]
[Date "2017.01.02" ]
[Round "1.18"]
[White "Brown, Andrew"]
[Black "Korenevski, Oleg"]
[Result "1-0"]
[WhiteElo "2285"]
[BlackElo "1782"]
[PlyCount "37"]

1. d4 d5 2. c4 e6 3. Nc3 c6 4. Nf3 dxc4 5. Bg5 Be7 6. Bxe7 Qxe7 7. e4 Qb4 8.
Qc2 b5 9. Be2 Ne7 10. O-O f5 11. b3 cxb3 12. axb3 Qd6 13. exf5 exf5 14. Bxb5
O-O 15. Bc4+ Be6 16. Rfe1 Rf6 17. Rxe6 Rxe6 18. Ng5 Nd5 19. Qxf5 1-0